[Event "Varazdin Spancir op 1st"]
[Site "Varazdin"]
[Date "2023.08.27"]
[Round "7"]
[White "Katulic, Zlatko"]
[Black "Lovrincevic, Sime"]
[Result "1/2-1/2"]
[WhiteElo "1586"]
[BlackElo "1538"]
[PlyCount "104"]
[EventDate "2023.08.24"]
[EventType "swiss"]
[EventRounds "7"]
[EventCountry "CRO"]
[SourceTitle "EXT 2024"]
[Source "ChessBase"]
[SourceDate "2023.10.10"]
[SourceVersion "1"]
[SourceVersionDate "2023.10.10"]
[SourceQuality "1"]

1. f4 Nf6 2. Nf3 c5 3. e3 d5 4. Ne5 Nc6 5. Bb5 Bd7 6. Qe2 Rc8 7. Bxc6 Bxc6 8. d3 e6 9. 0-0 Bd6 10. Nd2 0-0 11. Ndf3 Qe7 12. b3 b5 13. c4 a6 14. a4 Rfd8 15. axb5 axb5 16. Bb2 Qb7 17. Nxc6 Rxc6 18. Bxf6 gxf6 19. f5 bxc4 20. bxc4 Qc7 21. fxe6 fxe6 22. cxd5 exd5 23. Qb2 c4 24. Kh1 c3 25. Qa2 Bf8 26. Nd4 Rb6 27. Qa5 Qc5 28. Qa4 Qb4 29. Qd1 Qe7 30. Rf3 Bg7 31. Nf5 Qf8 32. Ra7 Rdb8 33. Ra1 Kh8 34. h4 Qc5 35. Rc1 Rb2 36. d4 Qc7 37. Rg3 c2 38. Rxc2 Rxc2 39. Qg4 Rg8 40. h5 Qf7 41. Nd6 Qe7 42. h6 Rc7 43. Nf5 Qf7 44. hxg7+ Rxg7 45. Nxg7 Qxg7 46. Qf4 Qf7 47. Kh2 Re7 48. Qb8+ Re8 49. Qd6 Re4 50. Kg1 Re8 51. Kf2 Ra8 52. Rg4 Rf8 1/2-1/2

[Event "Mediterranean op 7th"]
[Site "Rijeka"]
[Date "2014.11.08"]
[Round "1"]
[White "Katulic, Zlatko"]
[Black "Monjac, Mislav"]
[Result "0-1"]
[WhiteElo "1788"]
[BlackElo "2139"]
[PlyCount "80"]
[EventDate "2014.11.08"]
[EventType "swiss"]
[EventRounds "9"]
[EventCountry "CRO"]
[SourceTitle "CBM 163 Extra"]
[Source "ChessBase"]
[SourceDate "2014.12.23"]
[SourceVersion "1"]
[SourceVersionDate "2014.12.23"]
[SourceQuality "1"]

1. f4 d5 2. e3 Nf6 3. b3 g6 4. Bb2 Bg7 5. Nf3 0-0 6. Be2 c5 7. 0-0 Nc6 8. Ne5 Be6 9. d3 Rc8 10. Nd2 d4 11. e4 Nxe5 12. fxe5 Nd7 13. Nf3 Nxe5 14. Ng5 Bd7 15. Qe1 h6 16. Nf3 Nxf3+ 17. gxf3 Bh3 18. Rf2 e5 19. Bf1 Be6 20. Rg2 b5 21. a4 a6 22. axb5 axb5 23. b4 c4 24. Ra5 Qb6 25. Qa1 Rfe8 26. Bc1 Bf8 27. Ra6 Qc7 28. h4 Bh3 29. Rgxg6+ fxg6 30. Bxh3 cxd3 31. Rxg6+ Kh8 32. Qa2 Qc4 33. Qa6 Rc7 34. Bxh6 Bg7 35. Bxg7+ Rxg7 36. Rxg7 Kxg7 37. Bf5 dxc2 38. Qg6+ Kf8 39. Qd6+ Re7 40. Qh6+ Rg7+ 0-1

[Event "CRO-chT4 Center-A"]
[Site "Zagreb"]
[Date "2011.10.02"]
[Round "7.16"]
[White "Katulic, Zlatko"]
[Black "Kostur, Lovro"]
[Result "1-0"]
[WhiteElo "1881"]
[BlackElo "1705"]
[PlyCount "107"]
[EventDate "2011.03.13"]
[EventType "team-tourn"]
[EventRounds "7"]
[EventCountry "CRO"]
[SourceTitle "EXT 2014"]
[Source "ChessBase"]
[SourceDate "2013.11.20"]
[SourceVersion "1"]
[SourceVersionDate "2013.11.20"]
[SourceQuality "1"]

1. f4 d5 2. e3 c5 3. b3 Nf6 4. Bb2 e6 5. Nf3 Nc6 6. Bb5 Bd7 7. 0-0 Ne7 8. Bxd7+ Nxd7 9. Nc3 Ng6 10. f5 Nh4 11. Nxh4 Qxh4 12. fxe6 fxe6 13. Nb5 Kd8 14. Rf4 Qh6 15. Qg4 e5 16. Rf7 Qc6 17. c4 d4 18. Raf1 a6 19. Na3 Nf6 20. Qg5 Ke8 21. R7xf6 gxf6 22. Rxf6 Be7 23. Qh5+ Kd7 24. Rxc6 bxc6 25. Qf5+ Kc7 26. Qxe5+ Bd6 27. Qg7+ Kb6 28. Qf6 Bc7 29. exd4 Rhf8 30. dxc5+ Kb7 31. Qg7 Rfe8 32. Bc3 Re6 33. Ba5 Rc8 34. Nc2 Ree8 35. Nd4 Rg8 36. Qf7 Rgf8 37. Qxc7+ Rxc7 38. Bxc7 Re8 39. Bf4 Re1+ 40. Kf2 Ra1 41. a4 Rb1 42. g4 Kc8 43. h4 Kd7 44. Bg5 Ke8 45. Ke3 Rg1 46. Kf4 Rg2 47. Kf3 Rg1 48. Be3 Rh1 49. h5 Rf1+ 50. Ke4 Rf7 51. Nxc6 Rg7 52. g5 Rc7 53. Kd5 Kd7 54. Ne5+ 1-0

[Event "CRO-chT4A Center"]
[Site "Zagreb"]
[Date "2010.04.25"]
[Round "5.33"]
[White "Plesko, Marijan"]
[Black "Katulic, Zlatko"]
[Result "1-0"]
[WhiteElo "2066"]
[BlackElo "1927"]
[PlyCount "79"]
[EventDate "2010.03.21"]
[EventType "team-tourn"]
[EventRounds "11"]
[EventCountry "CRO"]
[SourceTitle "EXT 2012"]
[Source "ChessBase"]
[SourceDate "2011.11.24"]
[SourceVersion "1"]
[SourceVersionDate "2011.11.24"]
[SourceQuality "1"]

1. d4 Nf6 2. c4 e6 3. Nc3 Bb4 4. Qb3 c5 5. Bd2 Nc6 6. dxc5 Qa5 7. Nf3 0-0 8. e3 Qxc5 9. Bd3 Na5 10. Qc2 Nxc4 11. Na4 Nxe3 12. fxe3 Qxe3+ 13. Kf1 Bxd2 14. Qxd2 Qxd2 15. Nxd2 d5 16. Rc1 Bd7 17. Nc5 Rfc8 18. Ke2 Bc6 19. Rhf1 Rc7 20. Nxb7 Rxb7 21. Rxc6 Rxb2 22. Rfc1 g6 23. Rc8+ Rxc8 24. Rxc8+ Kg7 25. Rc2 Rb7 26. a4 Rb4 27. a5 e5 28. Rc7 e4 29. Bb1 a6 30. Rc6 Ng4 31. Rb6 Rxb6 32. axb6 Ne5 33. Ba2 Nd7 34. b7 f5 35. Bxd5 Kf6 36. Nc4 Ke7 37. Ne5 Nb8 38. Nc6+ Kd6 39. Nxb8 Kc7 40. Nxa6+ 1-0

[Event "Velika Gorica op 8th"]
[Site "Velika Gorica"]
[Date "2008.08.26"]
[Round "5"]
[White "Tomic Potrebujes, Zlatko"]
[Black "Katulic, Zlatko"]
[Result "1-0"]
[WhiteElo "2032"]
[BlackElo "1952"]
[PlyCount "59"]
[EventDate "2008.08.23"]
[EventType "swiss"]
[EventRounds "9"]
[EventCountry "CRO"]
[SourceTitle "CBM 126 Extra"]
[Source "ChessBase"]
[SourceDate "2008.11.05"]
[SourceVersion "1"]
[SourceVersionDate "2008.11.05"]
[SourceQuality "1"]

1. e4 e6 2. c3 d5 3. e5 c5 4. f4 Nc6 5. Nf3 Nge7 6. d3 Nf5 7. Be2 Be7 8. 0-0 0-0 9. Na3 a6 10. Nc2 d4 11. c4 b5 12. b3 g6 13. a3 Rb8 14. Bd2 bxc4 15. bxc4 Bd7 16. g4 Nh6 17. f5 Nxg4 18. f6 Nxf6 19. exf6 Bxf6 20. Bh6 Re8 21. Qc1 Na5 22. Qf4 Rb2 23. Ne5 Bxe5 24. Qxe5 f6 25. Rxf6 Qe7 26. Raf1 Nc6 27. Qf4 Rbb8 28. Rf7 e5 29. Qf2 Qd6 30. Rg7+ 1-0

[Event "Zagreb op"]
[Site "Zagreb"]
[Date "2007.03.17"]
[Round "1"]
[White "Katulic, Zlatko"]
[Black "Pecnik, Leo"]
[Result "1/2-1/2"]
[WhiteElo "1976"]
[BlackElo "2290"]
[PlyCount "88"]
[EventDate "2007.03.17"]
[EventType "swiss"]
[EventRounds "9"]
[EventCountry "CRO"]
[SourceTitle "CBM 117 Extra"]
[Source "ChessBase"]
[SourceDate "2007.05.09"]
[SourceVersion "1"]
[SourceVersionDate "2007.05.09"]
[SourceQuality "1"]

1. f4 d5 2. Nf3 g6 3. e3 Bg7 4. c3 Nf6 5. Na3 0-0 6. Nc2 c5 7. d3 Nc6 8. Be2 Qd6 9. 0-0 e5 10. d4 exf4 11. exf4 b6 12. Ne5 Ne4 13. Bf3 cxd4 14. Nxc6 Qxc6 15. Nxd4 Qc4 16. Be3 Re8 17. Be2 Qc7 18. Rc1 Ng3 19. hxg3 Rxe3 20. Bf3 Bb7 21. Qd2 Rae8 22. Rce1 R3e7 23. Rxe7 Qxe7 24. Kf2 Qc5 25. Rd1 a5 26. Qd3 b5 27. a3 b4 28. axb4 axb4 29. Rd2 bxc3 30. bxc3 Rc8 31. Rb2 Ba6 32. Qd2 h5 33. Rb4 Qxc3 34. Qxc3 Rxc3 35. Bxd5 Rd3 36. Nc6 Bf8 37. Rb8 Kg7 38. Bf3 Bc5+ 39. Ke1 Ra3 40. Rb2 Be3 41. Rb1 Bd3 42. Rd1 Bb5 43. Rb1 Bd3 44. Rd1 Bb5 1/2-1/2

[Event "Velika Gorica op 6th"]
[Site "Velika Gorica"]
[Date "2006.08.19"]
[Round "1"]
[White "Brumen, Dinko"]
[Black "Katulic, Zlatko"]
[Result "1-0"]
[WhiteElo "2341"]
[BlackElo "1955"]
[PlyCount "87"]
[EventDate "2006.08.19"]
[EventType "swiss"]
[EventRounds "9"]
[EventCountry "CRO"]
[SourceTitle "CBM 113 Extra"]
[Source "ChessBase"]
[SourceDate "2006.09.14"]
[SourceVersion "1"]
[SourceVersionDate "2006.09.14"]
[SourceQuality "1"]

1. d4 Nf6 2. Bg5 c5 3. Bxf6 gxf6 4. d5 Qb6 5. Qc1 Bh6 6. e3 f5 7. Ne2 e5 8. Nd2 d6 9. a4 Nd7 10. Nc4 Qc7 11. Nc3 a6 12. g3 b6 13. Ra3 Rb8 14. Rb3 0-0 15. h3 Kh8 16. g4 Nf6 17. Qd1 Bd7 18. Nd2 Qc8 19. Qf3 Rg8 20. gxf5 Bxf5 21. Bxa6 Qxa6 22. Qxf5 Rg6 23. Qd3 Qc8 24. Nc4 Nd7 25. Nb5 Qf8 26. Qf5 Qe7 27. Nc3 Rg5 28. Qf3 f5 29. h4 Rg4 30. Qe2 Rbg8 31. Nxb6 Rg1+ 32. Rxg1 Rxg1+ 33. Kd2 Nf8 34. Qh5 Qf6 35. Ne2 Rg4 36. Ng3 c4 37. Rc3 Rxh4 38. Qxf5 Qd8 39. Rxc4 e4 40. Rc8 Qe7 41. Nd7 Kg8 42. Qe6+ Qf7 43. Nf5 Qxe6 44. dxe6 1-0

[Event "Velika Gorica op 3rd"]
[Site "Velika Gorica"]
[Date "2003.??.??"]
[Round "7"]
[White "Babic, Bozidar"]
[Black "Katulic, Zlatko"]
[Result "1-0"]
[WhiteElo "1994"]
[BlackElo "2051"]
[PlyCount "43"]
[EventDate "2003.08.??"]
[EventType "swiss"]
[EventRounds "9"]
[EventCountry "CRO"]
[SourceTitle "EXT 2005"]
[Source "ChessBase"]
[SourceDate "2004.11.15"]
[SourceVersion "1"]
[SourceVersionDate "2004.11.15"]
[SourceQuality "1"]

1. d4 Nf6 2. Nc3 g6 3. e4 d6 4. Bc4 Bg7 5. Nge2 Nc6 6. 0-0 0-0 7. a3 e5 8. d5 Na5 9. Bd3 b6 10. h3 Nb7 11. b4 a5 12. Be3 Bd7 13. Qd2 Re8 14. Ng3 Qe7 15. Be2 Ra7 16. Rab1 axb4 17. axb4 Rea8 18. Rfc1 h5 19. Bg5 Qe8 20. Nd1 Ra2 21. Qc3 R8a6 22. Qxc7 1-0